Normal view
MARC view
Entry Genre/Form Term
001 - CONTROL NUMBER
- control field: 12260
003 - CONTROL NUMBER IDENTIFIER
- control field: BD-DhEWU
005 - DATE AND TIME OF LATEST TRANSACTION
- control field: 20140616175246.0
008 - FIXED-LENGTH DATA ELEMENTS
- fixed length control field: 140616|| aca||aabn | a|a d
040 ## - CATALOGING SOURCE
- Original cataloging agency: BD-DhEWU
- Transcribing agency: BD-DhEWU
155 ## - HEADING--GENRE/FORM TERM
- Genre/form term: Fantastic fiction.
670 ## - SOURCE DATA FOUND
- Source citation: Work cat.: (BD-DhEWU)812: Donaldson, Stephen R. 12258, The mirror of her dreams /, c1986.